| 000 | 01783cam a22004214a 4500 | ||
|---|---|---|---|
| 999 |
_c10994 _d10994 |
||
| 001 | 13345553 | ||
| 003 | OSt | ||
| 005 | 20200130121347.0 | ||
| 008 | 030916s2005 ohua b 001 0 eng | ||
| 010 | _a 2003112932 | ||
| 020 | _a9788131502884 | ||
| 020 | _a0324200838 | ||
| 020 | _a0324200846 (CD) | ||
| 020 | _a0324380259 | ||
| 035 | _a(DLC) 2003112932 | ||
| 040 |
_aDLC _cDLC _dDLC |
||
| 042 | _apcc | ||
| 050 | 0 | 0 |
_aHF1017 _b.A6 2005 |
| 082 | 0 | 0 |
_a519.5 _222 _bAND/S |
| 100 |
_aAnderson, David R _q(David Ray), _d1941- _9879 |
||
| 245 | 1 | 0 |
_aStatistics for business and economics / _cDavid R. Anderson, Dennis J. Sweeney, Thomas A. Williams. |
| 250 | _a9th ed. | ||
| 260 |
_aMason, Ohio : _bThomson/South-Western, _cc2005. |
||
| 300 |
_axxvi, 1023 p. : _bill. ; _c27 cm. + _e1 CD-ROM (4 3/4 in.) |
||
| 500 | _aCD-ROM includes over 200 data sets available in both MINITAB and Excel formats for all case problems and exercises. | ||
| 504 | _aIncludes bibliographical references (p. [926]-927) and index. | ||
| 650 | 0 |
_aCommercial statistics _xMethodology. |
|
| 650 | 0 |
_aEconomics _xStatistical methods. |
|
| 650 | 0 | _aStatistics. | |
| 700 | 1 |
_aSweeney, Dennis J. _91483 |
|
| 700 | 1 |
_aWilliams, Thomas A. _q(Thomas Arthur), _d1944- _91484 |
|
| 856 | 4 | 1 |
_3Table of contents _uhttp://www.loc.gov/catdir/toc/fy045/2003112932.html |
| 856 | 4 | 2 |
_3Contributor biographical information _uhttp://www.loc.gov/catdir/enhancements/fy1514/2003112932-b.html |
| 856 | 4 | 2 |
_3Publisher description _uhttp://www.loc.gov/catdir/enhancements/fy1514/2003112932-d.html |
| 906 |
_a7 _bcbc _corignew _d3 _eepcn _f20 _gy-gencatlg |
||
| 942 |
_2ddc _cBK _h519.5 _iAND/S _k519.5 _mAND/S |
||